000 00326nam a2200133Ia 4500
008 240624s9999 xx 000 0 und d
041 _aeng
082 _a658 RAJ
100 _aRAJU R SATYA
245 _aMANAGEMENT TEXT AND CASES
260 _c2002
_aNew Delhi
_bPrentice-Hall
300 _ax, : 294 : p. : cm. ; 24
365 _cRS
999 _c409
_d409